000 00895cam a22002893a 4500
001 2582
003 PGUSA
005 20140828083016.0
008 080622s2008||||xxu|||||s|||||000 | eng d
040 _aPGUSA
_beng
042 _adc
050 4 _aDC
100 1 _aTaine, Hippolyte,
_d1828-1893
245 1 4 _aThe Modern Regime, Volume 2
_h[electronic resource] /
_cHippolyte Taine
260 _bProject Gutenberg,
_c2008
500 _aPart of the series Origins of contemporary France. [v.5-6]
506 _aPublic domain in the USA.
516 _aElectronic text
653 _aFrance -- Politics and government
653 _aFrance -- Civilization
653 _aFrance -- Social life and customs -- 19th century
700 1 _aRom, Svend
700 1 _aDurand, John,
_d1822-1908
830 0 _aProject Gutenberg
_v2582
856 4 0 _uhttp://www.gutenberg.org/ebooks/2582
942 _cEB
999 _c231919
_d231919